00229nam a2200085Ia 4500008004100000041000800041100002500049245003800074260003100112230508s1996 xx 000 0 und d aeng aOBERG, JONES, HORTON aMACHINARYS HAND BOOK 25TH EDITION bINDUSTRIAL PRESS NEWc1996